Representantes legales. Aspectos claves para no responder personalmente por la deuda tributaria de la empresa: (Registro nro. 17137)

Detalles MARC
000 -Cabecera
Campo de control interno 00604nam a2200181Ia 4500
005 - Fecha y hora del registro
control field 20260306170403.0
008 - Elementos de Longitud Fija
fixed length control field 260306t2021||||xx |||||||||||||| ||und||
041 ## - Idioma
Codigo Idioma ESP
082 ## - DEWEY y NOTACIÓN INTERNA
Dewey 657.46
Notación Interna M86
100 ## - AUTOR
Autor denominación Morales Mejía, Jaime
Término de relación autor
245 #0 - TÍTULO DE MATERIAL BIBLIOGRÁFICO
Título Representantes legales. Aspectos claves para no responder personalmente por la deuda tributaria de la empresa:
Título paralelo Obligaciones tributarias con SUNAT. Pago: Aspectos claves que debe conocer para su extinción
260 ## - CIUDAD, EDITORIAL, AÑO
Año 2021
300 ## - DESCRIPCIÓN
N° Páginas 64 páginas :
Dimensiones 24 cm.
650 ## - TEMAS
Temas Generalidades
654 ## - PROGRAMAS
Programa Dpto. de Contabilidad
942 ## - ELEMENTOS DE KOHA
Tipo de documento Libro
Nombre del creador Justo Noguera
Código de catalogador Justo Noguera
Esquema de clasificación Dewey Decimal Classification
Suppress in OPAC
Existencias
Codigo completo Registro Colección Copia número Disponibilidad Tipo de préstamo Biblioteca Actual Procedencia (Biblioteca) Ubicacón Fecha Ingreso Tipo de Adquisición Date last seen Total checkouts Price effective from Tipo de Item Estado del Material Fuente de Clasificación Damaged status Withdrawn status
657.46 M86 1073764 Universidad Católica San Pablo 1 Disponible Disponible Víctor Andrés Belaunde Víctor Andrés Belaunde Primer piso 03/06/2026 Suscripción 06/03/2026   06/03/2026 Libro Bueno Dewey Decimal Classification